[Event "Morava-ch U16"]
[Site "Havirov"]
[Date "2008.10.27"]
[Round "6"]
[White "Premus, Jan"]
[Black "Kapsia, Vaclav"]
[Result "1-0"]
[WhiteElo "1955"]
[BlackElo "1490"]
[PlyCount "21"]
[EventDate "2008.10.25"]
[EventType "swiss"]
[EventRounds "9"]
[EventCountry "CZE"]
[SourceTitle "EXT 2009"]
[Source "ChessBase"]
[SourceDate "2008.11.26"]
[SourceVersion "1"]
[SourceVersionDate "2008.11.26"]
[SourceQuality "1"]

1. e4 e5 2. Nc3 Nc6 3. Bc4 Nf6 4. f4 d6 5. Nf3 Bg4 6. d3 Qd7 7. h3 Bxf3 8. Qxf3 Nd4 9. Qf2 a6 10. a4 g6 11. fxe5 1-0